Medios de comunicación.
Guardado en:
| Formato: | |
|---|---|
| Series: | Encrucijadas 2000
|
| Materias: | |
| Etiquetas: |
Agregar Etiqueta
Sin Etiquetas, Sea el primero en etiquetar este registro!
|
| LEADER | 01077ngm a22003015g 4500 | ||
|---|---|---|---|
| 001 | CEM.cems022559 | ||
| 008 | 130507b2001##################0###0#####d | ||
| 005 | 20241107180144.0 | ||
| 245 | 0 | 0 | |a Medios de comunicación. |
| 300 | |a 23'. | ||
| 490 | 0 | |a Encrucijadas 2000 | |
| 500 | |a En soporte VHS, consultar en ventanilla. | ||
| 505 | 0 | |a Los medios y la globalización. La pérdida de la identidad. Los medios y los conflictos bélicos. Los medios al servicio del poder político. La internet. Televisión basura. Monopolización: multimedios. | |
| 538 | |a Soporte: VHS - Norma: Pal N - Color: Si - Grabación DRD 2001 - Hitachi=2295 | ||
| 082 | 3 | 0 | |/ ENC-1 |
| 653 | |a SOCIEDAD | ||
| 653 | |a MEDIOS DE COMUNICACION | ||
| 653 | |a TELEVISION | ||
| 653 | |a TELEVISION BASURA | ||
| 653 | |a GLOBALIZACION | ||
| 653 | |a INTERNET | ||
| 653 | |a MULTIMEDIOS | ||
| 653 | |a PODER POLITICO | ||
| 653 | |a MONOPOLIOS | ||
| 653 | |a MULTIMEDIOS | ||
| 653 | |a NIVEL PRIMARIO | ||
| 653 | |a NIVEL SECUNDARIO. | ||
| 859 | |a CEMS |b BIB. CEMS - Depto. Recursos Didacticos |h 301 |i ENC-1 |k DRD |p 1202.12 |t Ej.1 | ||
